Normal view
MARC view
- البلداوي، نزار فليح، م. مشارك علاء يوسف كنة
Entry Personal Name
001 - CONTROL NUMBER
- control field: 51009
003 - CONTROL NUMBER IDENTIFIER
- control field: JO-AjAnu
005 - DATE AND TIME OF LATEST TRANSACTION
- control field: 20230606082408.0
008 - FIXED-LENGTH DATA ELEMENTS
- fixed length control field: 230606|| aca||aabn | a|a d
040 ## - CATALOGING SOURCE
- Original cataloging agency: JO-AjAnu
- Transcribing agency: JO-AjAnu
100 ## - HEADING--PERSONAL NAME
- Personal name: البلداوي، نزار فليح، م. مشارك علاء يوسف كنة
670 ## - SOURCE DATA FOUND
- Source citation: Work cat.: (JO-AjAnu)26073: البلداوي، نزار فليح، م. مشارك علاء يوسف كنة , author, قائمة الطعام تخطيط -تصميم-تسويق-رقابةو اتخاذ قرارات